000 00977cam a22002893a 4500
001 9175
003 PGUSA
005 20140828083208.0
008 051001s2005||||xxu|||||s|||||000 p eng d
040 _aPGUSA
_beng
042 _adc
050 4 _aPA
100 1 _aHorace,
_d-65--8
245 1 4 _aThe Art of Poetry :
_ban Epistle to the Pisos : Q. Horatii Flacci Epistola Ad Pisones, De Arte Poetica.
_h[electronic resource] /
_cHorace
260 _bProject Gutenberg,
_c2005
506 _aPublic domain in the USA.
516 _aElectronic text
653 _aDidactic poetry, Latin -- Translations into English
653 _aPoetics -- Early works to 1800
653 _aAesthetics -- Early works to 1800
653 _aCriticism -- Early works to 1800
653 _aEpistolary poetry, Latin -- Translations into English
700 1 _aColman, George,
_d1732-1794
830 0 _aProject Gutenberg
_v9175
856 4 0 _uhttp://www.gutenberg.org/ebooks/9175
942 _cEB
999 _c238431
_d238431